Dios como protesta contra "la muerte del hombre" (Registro nro. 69773)
[ vista simple ]
| 000 -LÍDER | |
|---|---|
| Campo fijo de descripción fija | 01472nab a2200241 i 4500 |
| 001 - NÚMERO DE CONTROL | |
| Campo de control | 768714001 |
| 003 - IDENTIFICADOR DEL NÚMERO DE CONTROL | |
| Campo de control | CO-MdFUSB |
| 005 - FECHA Y HORA DE LA ULTIMA TRANSACCIÓN | |
| control field | 20240520093840.0 |
| 008 - ELEMENTOS DE LONGITUD FIJA -- INFORMACIÓN GENERAL | |
| Campo fijo de descripción fija -- Información general | 240517t1972 sp ||||| |||| 00| 0 spa d |
| 040 ## - FUENTE DE CATALOGACIÓN | |
| Idioma de catalogación | spa |
| Agencia que realiza la transcripción | CO-MdFUSB |
| Agencia que realiza la modificación | CO-MdFUSB |
| 041 ## - CÓDIGO DE IDIOMA | |
| Código de idioma para texto/pista de sonido o título separado | spa |
| 100 ## - ASIENTO PRINCIPAL--NOMBRE PERSONAL | |
| Nombre personal | Dumas, André, |
| Término relacionador | autor |
| 245 ## - TÍTULO | |
| Título | Dios como protesta contra "la muerte del hombre" |
| Mención de responsabilidad | / André Dumas ; traducido por Juan Jose del Moral |
| 520 ## - NOTA DE RESUMEN, ETC. | |
| Nota de sumario, etc. | El concepto de Dios está perdiendo su lugar entre los pensadores modernos. Lo que tiene de único Dios, a diferencia de lo divino, es que no es un atributo que se aplica a la dimensión última de la experiencia humana, sino que aparece ante esa experiencia como otro que no puede imaginarse. Dios no es una extensión ni una corona del hombre, sino el que está delante del hombre, eso es lo que hace posible la encarnación, algo más que la infusión. La comprensión bíblica de Dios necesitaba la presencia de la alteridad, que es la fuerza opositora del hombre, ya que es un requisito previo para la oposición a Dios. |
| 650 #7 - ASIENTO SECUNDARIO DE MATERIA - TERMINO TEMÁTICO | |
| Término temático o nombre geográfico como elemento de entrada | Dios |
| 9 (RLIN) | 178 |
| 650 #7 - ASIENTO SECUNDARIO DE MATERIA - TERMINO TEMÁTICO | |
| Término temático o nombre geográfico como elemento de entrada | Cristianismo y cultura |
| 9 (RLIN) | 6959 |
| 650 #7 - ASIENTO SECUNDARIO DE MATERIA - TERMINO TEMÁTICO | |
| Término temático o nombre geográfico como elemento de entrada | Hombre |
| 9 (RLIN) | 7135 |
| 650 #0 - ASIENTO SECUNDARIO DE MATERIA - TERMINO TEMÁTICO | |
| Término temático o nombre geográfico como elemento de entrada | Muerte |
| 9 (RLIN) | 1613 |
| 700 ## - ENTR. SECUNDARIA - Nombre Personal (R) | |
| Nombre de persona | Moral, Juan Jose del, |
| Término indicativo de función | traductor |
| 773 0# - ASIENTO DE ITEM FUENTE | |
| Biblionumber | 49450 |
| Itemnumber | 82644 |
| Otro identificador del ítem | R2566 |
| Título | Revista internacional de teología Concilium |
| Número de control del registro | (CO-MdFUSB)8 |
| Número Internacional Normalizado para Publicaciones Seriadas (ISSN) | 0210-1041 |
| Parte(s) relacionada(s) / Volumen., número. (mes año), páginas | Número 76, (junio, 1972), páginas: 389 - 405 |
| Enumeración y primera página | página: 389 |
| 942 ## - TIPO DE MATERIAL (KOHA) | |
| Tipo de Item KOHA | Artículos de Revista |
| 945 ## - INFORMACIÓN LOCAL DEL REGISTRO | |
| Catalogador | Catherine Arias Alvarez - Practicante SENA |
No hay ítems disponibles.
